000 00610nam a2200229Ia 4500
003 OSt
005 20220918194455.0
006 a|||||r|||| 00| 0
007 ta
008 220917b |||||||| |||| 00| 0 eng d
024 _a79,606
037 _cTextual
040 _aARTS
_cARTS
_beng
041 _2eng
_aeng
082 _aS:1:86, M0
100 _aWerner Joan K
_985106
245 0 _aNeuroscience; a clinical prospective Philadelphia
260 _aPhiladelphia
_bW B Sauders
_c1980
650 _aPSYCHOLOGY
942 _hS:1:86, M0
_cTEXL
_2CC
999 _c203332
_d203332